000 02615cgm a2200553Ia 4500
001 ocn233575939
003 OCoLC
005 20100817010122.0
007 vd mvaizu
008 080708s2007 nju042 vleng d
028 4 1 _a36177 K
_bCambridge Educational
035 _a(OCoLC)233575939
040 _aUTT
_cUTT
_dTEF
043 _an-us---
049 _aSZTA
050 4 _aKF4557
_b.A44 2007
082 0 4 _a342.7303
_222
245 0 0 _aHuman rights
_h[videorecording] /
_cproduced and directed by Rhonda Fabian, Jerry Babar ; writers, Aaron Myers, Jack Phelan, Rhonda Fabian.
246 3 0 _aAmending the Constitution :
_bhuman rights
260 _aLawrenceville, NJ :
_bCambridge Educational,
_cc2007.
300 _a1 videodisc (42 min.) :
_bsd., col. with b&w sequences ;
_c4 3/4 in.
440 0 _aAmendments to the Constitution : Bill of Rights and beyond
505 0 _a13th Amendment: Abolition of slavery -- 14th Amendment: Civil rights -- 16th Amendment: Federal income tax -- 18,21 Amendments: Prohibition and repeal -- 11th Amendment: Suits against states.
508 _aCamera, Mark Dombrow ; editors, Johnathan M. Donley, Ron Schindlinger.
511 1 _aNarrator, Gene Shay.
520 _a"This chaptered DVD sets two crucial human rights-related Constitutional amendments within the context of their historical times: Amendment 13, abolishing slavery throughout the U.S., and Amendment 14, defining U.S. citizenship and stipulating due process and equal protection under the law. Four additional amendments--11, judicial powers construed; 16, federal income tax; and 18 and 21, Prohibition and its repeal--are included as well."--From container..
521 8 _aMPAA rating: Not rated.
538 _aDVD.
546 _aClosed-captioned.
610 1 0 _aUnited States
_vConstitution
_n13th-14th Amendments.
610 1 0 _aUnited States.
_bCongress.
_bSenate
_xElection.
650 0 _aCivil rights
_zUnited States.
650 0 _aConstitutional amendments
_zUnited States
_xHistory.
650 0 _aIncome tax
_xLaw and legislation
_zUnited States.
650 0 _aProhibition
_zUnited States.
650 0 _aSlavery
_xLaw and legislation
_zUnited States.
655 0 _aEducational films.
655 0 _aNonfiction films.
655 0 _aVideo recordings for the hearing impaired.
655 4 _aDVD-Video discs.
700 1 _aBabar, Jerry.
700 1 _aFabian, Rhonda.
700 1 _aMyers, Aaron.
700 1 _aPhelan, Jack.
700 1 _aShay, Gene.
710 2 _aCambridge Educational (Firm)
710 2 _aFilms for the Humanities & Sciences (Firm)
710 2 _aFilms Media Group.
999 _c711
_d711